<?xml version="1.0" encoding="UTF-8"?>
<record
    xmlns:xsi="http://www.w3.org/2001/XMLSchema-instance"
    xsi:schemaLocation="http://www.loc.gov/MARC21/slim http://www.loc.gov/standards/marcxml/schema/MARC21slim.xsd"
    xmlns="http://www.loc.gov/MARC21/slim">

  <leader>01093nam0a22002891  4500</leader>
  <controlfield tag="001">RU\NLR\INFOCOMM_253\5000016641</controlfield>
  <controlfield tag="005">20250613093228.0</controlfield>
  <datafield tag="035" ind1=" " ind2=" ">
    <subfield code="a">(NLR Aleph) 009196769</subfield>
  </datafield>
  <datafield tag="090" ind1=" " ind2=" ">
    <subfield code="a">8664394</subfield>
    <subfield code="c">8664394</subfield>
  </datafield>
  <datafield tag="100" ind1=" " ind2=" ">
    <subfield code="a">20100420d1982    |||y0rusy50      ca</subfield>
  </datafield>
  <datafield tag="101" ind1="0" ind2=" ">
    <subfield code="a">eng</subfield>
  </datafield>
  <datafield tag="102" ind1=" " ind2=" ">
    <subfield code="a">RU</subfield>
  </datafield>
  <datafield tag="105" ind1=" " ind2=" ">
    <subfield code="a">y   ||||000|y</subfield>
  </datafield>
  <datafield tag="200" ind1="1" ind2=" ">
    <subfield code="a">Chloroprene</subfield>
    <subfield code="f">[Comp. by Cand. of Sci. L. S. Katosova]</subfield>
  </datafield>
  <datafield tag="210" ind1=" " ind2=" ">
    <subfield code="a">&#x39C;.</subfield>
    <subfield code="c">Centre of intern. projects, GKNT</subfield>
    <subfield code="d">1982</subfield>
  </datafield>
  <datafield tag="215" ind1=" " ind2=" ">
    <subfield code="a">16 &#x441;.</subfield>
    <subfield code="d">21 &#x441;&#x43C;</subfield>
  </datafield>
  <datafield tag="225" ind1="1" ind2=" ">
    <subfield code="a">Ser. "Scientific reviews of Sov. lit. on toxicity a. hazards of chemicals"</subfield>
    <subfield code="f">UN Environment progr. (UNEP). Intern. reg. of potentially toxic chemicals (IRPTC), USSR State comm. for science a. technology. USSR Commiss. for UNEP</subfield>
    <subfield code="v">14</subfield>
  </datafield>
  <datafield tag="320" ind1=" " ind2=" ">
    <subfield code="a">&#x411;&#x438;&#x431;&#x43B;&#x438;&#x43E;&#x433;&#x440;.: &#x441;. 14-16</subfield>
  </datafield>
  <datafield tag="606" ind1=" " ind2=" ">
    <subfield code="a">&#x425;&#x43B;&#x43E;&#x440;&#x43E;&#x43F;&#x440;&#x435;&#x43D;</subfield>
    <subfield code="x">&#x422;&#x43E;&#x43A;&#x441;&#x438;&#x447;&#x43D;&#x43E;&#x441;&#x442;&#x44C;</subfield>
    <subfield code="2">nlr_sh1</subfield>
  </datafield>
  <datafield tag="606" ind1=" " ind2=" ">
    <subfield code="a">&#x41E;&#x442;&#x440;&#x430;&#x432;&#x43B;&#x435;&#x43D;&#x438;&#x44F; &#x445;&#x43B;&#x43E;&#x440;&#x43E;&#x43F;&#x440;&#x435;&#x43D;&#x43E;&#x43C;</subfield>
    <subfield code="2">nlr_sh1</subfield>
  </datafield>
  <datafield tag="686" ind1=" " ind2=" ">
    <subfield code="a">&#x420;284.508</subfield>
    <subfield code="2">rubbk</subfield>
  </datafield>
  <datafield tag="702" ind1=" " ind2="1">
    <subfield code="a">Katosova</subfield>
    <subfield code="b">L. S.</subfield>
    <subfield code="4">220</subfield>
  </datafield>
  <datafield tag="801" ind1=" " ind2="1">
    <subfield code="a">RU</subfield>
    <subfield code="b">NLR</subfield>
    <subfield code="c">20100420</subfield>
  </datafield>
  <datafield tag="801" ind1=" " ind2="0">
    <subfield code="a">RU</subfield>
    <subfield code="b">NLR</subfield>
    <subfield code="g">PSBO</subfield>
  </datafield>
  <datafield tag="852" ind1=" " ind2=" ">
    <subfield code="a">NLR</subfield>
    <subfield code="j">&#x41C;&#x434;17 &#x414;-4/78</subfield>
  </datafield>
  <datafield tag="942" ind1=" " ind2=" ">
    <subfield code="c">BOOK</subfield>
  </datafield>
  <datafield tag="980" ind1=" " ind2=" ">
    <subfield code="a">NB</subfield>
  </datafield>
  <datafield tag="995" ind1=" " ind2=" ">
    <subfield code="5">2013-10-26</subfield>
    <subfield code="b">NLR01</subfield>
    <subfield code="c">NLR01</subfield>
    <subfield code="e">IF</subfield>
    <subfield code="f">9196769-10</subfield>
    <subfield code="k">&#x41C;&#x434;17 &#x414;-4/78</subfield>
    <subfield code="o">0</subfield>
    <subfield code="r">BOOK</subfield>
    <subfield code="s">17_478</subfield>
  </datafield>
</record>
